| 000 | 00973nam a2200253 a 4500 | ||
|---|---|---|---|
| 003 | OSt | ||
| 005 | 20220918175935.0 | ||
| 008 | 120906s2009 it aoc 000 0bita d | ||
| 020 | _a9788821511783 | ||
| 040 |
_aIT-MiCSC _bita _cIT-MiCSC |
||
| 041 | 1 |
_aita _hfre |
|
| 100 | 1 |
_aFourrey René _cvescovo di Belley, _d1901-1982. _96 |
|
| 245 | 1 | 0 |
_aVita autentica del curato d'Ars. _cRené Fourrey; introduzione di René Laurentin; [traduzione di Luigi Rosadoni e Luigi Giovannini] |
| 250 | _a9ª ed. | ||
| 260 |
_aCinisello Balsamo : _bSan Paolo, _c2009. |
||
| 300 |
_a401 p., [8] p. di tav. : _bill., fotogr., ritr. ; _c23 cm. |
||
| 490 | 1 |
_aI protagonisti ; _v3. |
|
| 500 | _aTit. orig.: Jean Marie Vianney curé d'Ars. Vie authentique. | ||
| 546 | _aIn italiano tradotto dal francese. | ||
| 600 | 1 | 4 |
_aVianney, Giovanni Maria, _csanto, _d1786-1859 _vBiografia. _97 |
| 700 | 1 |
_aLaurentin, René, _d1917- _98 |
|
| 830 | 2 |
_aI protagonisti (San Paolo) ; _v3. _99 |
|
| 942 |
_2ddc _cBK |
||
| 999 |
_c37484 _d37484 |
||